El Petróleo y su incidencia en la economía nacional /

Enregistré dans:
Détails bibliographiques
Auteur principal: Bu de Bueso, Lucy
Format: Texte
Tags: Ajouter un tag
Pas de tags, Soyez le premier à ajouter un tag!

MARC

LEADER 00000 a a2200000 04500
001 14296
003
040
100 |a Bu de Bueso, Lucy  
245 |a El Petróleo y su incidencia en la economía nacional /  |c Lucy Bu de Bueso 
773 |g volumen 3 -4, número 53 -54; páginas 209-219  
999 |c 38787  |d 38787